000 00949ntaaa2200289 4500
003 01
005 20251027202203.0
008 0714s1973 ag 01
040 _aAR-BaBN
_bspa
_cAR-BaBN
_eaacr
_dRIC
082 _a267.4
245 _aManual para la Sociedad Femenil Misionera
260 _aEl Paso :
_bDepartamento de la Unión Femenil Bautista Misionera : Casa Bautista de Publicaciones,
_c[1968]
300 _a78 p. ;
_c19 cm.
505 _tCap. 1. Organización
505 _tCap. 2. Preparación para la tarea
505 _tCap. 3. Visión misionera
505 _tCap. 4. Crecimiento espiritual
505 _tCap. 5. Testimonio personal
505 _tCap. 6. La mayordomía de las posesiones
505 _tCap. 7. Educación misionera de la juventud
505 _tCap. 8. Alistamiento
505 _tVariedades
610 _aSociedad Femenil Misionera
650 _aMUJERES BAUTISTAS
650 _aMISION
_918649
942 _cBK
999 _c16798
_d16798